000 00562nam a2200205Ia 4500
003 OSt
005 20241212145637.0
008 210716s2000 xx 000 0 und d
020 _a0451409159
040 _cAIMIT LIBRARY
041 _aeng
082 _a808.83
_21
_bGRAH
100 _aGraham, Heather.
_9190370
245 _aLong, lean, and lethal /
_cBy Heather Graham.
250 _a1st ed.
260 _aNew York :
_bNew American Library ;
_c2000.
300 _a386p. ;
_bPB
_c17 cm.
650 _aNovels
_9190371
942 _2ddc
_cBK
_e1st ed.
_k808.83 GRAH
999 _c199955
_d199955